[Event "34th Chess Olympiad (women)"]
[Site "Istanbul"]
[Date "2000.10.28"]
[Round "1.20.2"]
[White "Delgado, Crespo Mairelys"]
[Black "Sultana, Zakia"]
[WhiteElo "2207"]
[BlackElo "2044"]
[WhiteCountry "CUB"]
[BlackCountry "BAN"]
[Result "1-0"]

1. e4 e6 2. d4 d5 3. ed5 ed5 4. Nf3 Nf6 5. c4 c6 6. Nc3 Be7 7. Bd3 dc4 
8. Bc4 b5 9. Bd3 Bg4 10. O-O O-O 11. Re1 Nbd7 12. Ne4 Rc8 13. h3 Bh5 
14. Ng3 Bg6 15. Nf5 Re8 16. a4 a6 17. Bg5 Bb4 18. Re8+ Qe8 19. Qb3 Nd5 
20. Ne3 Bd3 21. Nd5 Bc4 22. Qb4 Bd5 23. Re1 Be6 24. Qa5 Ra8 25. d5 cd5 
26. ab5 ab5 27. Qb5 Nf6 28. Qe8+ Ne8 29. Nd4 h6 30. Be7 Bc8 31. b4 Nc7 
32. b5 Ne6 33. Ne6 fe6 34. Rc1 Bd7 35. b6 Rc8 36. Ra1 Rb8 37. Bc5 Rb7 
38. Rb1 Bc6 39. Bd6 Rd7 40. Bc7 Bb7 41. Kf1 d4 42. Ke2 Rd5 43. f3 e5 
44. Kd3 Rc5 45. Re1 Ba6+ 46. Kd2 d3 47. Ra1 Rc2+ 48. Kd1 Bb7 49. Ra7 Bd5 
50. b7 Rg2 51. Ba5 Bf3+ 
1-0

[Event "34th Chess Olympiad (women)"]
[Site "Istanbul"]
[Date "2000.10.28"]
[Round "1.20.3"]
[White "Khan, Nazrana"]
[Black "Pina, Sulennis"]
[WhiteElo "2000"]
[BlackElo "2312"]
[WhiteCountry "BAN"]
[BlackCountry "CUB"]
[Result "1/2-1/2"]

1. d4 Nf6 2. c4 d6 3. Nc3 Nbd7 4. Nf3 e5 5. de5 de5 6. Qc2 c6 7. g3 Qc7 
8. Bg2 Be7 9. 0-0 O-O 10. Bg5 h6 11. Bf6 Nf6 12. Ne4 Nd7 13. Rad1 f5 
14. Nc3 Nb6 15. Na4 Be6 16. Nb6 ab6 17. a3 Bf6 18. Bh3 e4 19. Nd4 Bd4 
20. Rd4 Qe7 21. c5 b5 22. e3 Bc4 23. Rc1 Rad8 24. Qc3 Rd5 25. Bf1 Bf1 
26. Rf1 Rfd8 27. Rfd1 Rd4 28. Rd4 Rd5 29. h4 Qd7 30. Kf1 Kf7 31. Ke2 Ke6 
32. Rd5 Qd5 33. Qg7 Qd3+ 34. Ke1 Qb1+ 35. Ke2 Qd3+ 36. Ke1 Qb1+ 
1/2-1/2

[Event "34th Chess Olympiad (women)"]
[Site "Istanbul"]
[Date "2000.10.28"]
[Round "1.21.1"]
[White "Uskova, Fliura"]
[Black "Minnaar, Michelle"]
[WhiteElo "2285"]
[BlackElo "2062"]
[WhiteCountry "KAZ"]
[BlackCountry "RSA"]
[Result "1-0"]

1. Nf3 Nf6 2. g3 g6 3. Bg2 Bg7 4. O-O O-O 5. d4 d6 6. Nc3 Nbd7 7. e4 e5 
8. h3 c6 9. a4 Qc7 10. Be3 Rd8 11. Qd2 Nf8 12. Rfd1 Be6 13. Qe2 h6 14. Rd2 Ne8 
15. Rad1 f5 16. de5 de5 17. Rd8 Rd8 18. Rd8 Qd8 19. Ba7 Nd7 20. Be3 Nd6 
21. Nd2 Qf8 22. Nb3 Nc4 23. Bc1 Qb4 24. Kh2 Ndb6 25. Qd3 Qd6 26. Qd6 Nd6 
27. Nc5 Bc8 28. b3 Kf7 29. Ba3 Bf8 30. a5 Nd7 31. Nd7 Bd7 32. Na4 Ne4 
33. Bf8 Kf8 34. Be4 fe4 35. Nc5 Bc8 36. g4 e3 37. fe3 Ke7 38. Ne4 Ke6 
39. c4 Ke7 40. Kg3 Bd7 41. Nc5 Bc8 42. Kf3 Kd6 43. b4 h5 44. gh5 gh5 45. h4 Kc7 
46. Ke4 Kd6 47. Nd3 Bh3 48. Ne5 Bg2+ 49. Kf4 Bf1 50. e4 Be2 51. Kf5 Ke7 
52. c5 Bd1 53. Nc4 
1-0

[Event "34th Chess Olympiad (women)"]
[Site "Istanbul"]
[Date "2000.10.28"]
[Round "1.21.2"]
[White "Meyer, Marany"]
[Black "Klink, Tamara"]
[WhiteElo "2087"]
[BlackElo "2336"]
[WhiteCountry "RSA"]
[BlackCountry "KAZ"]
[Result "0-1"]

1. e4 c5 2. Nc3 Nc6 3. g3 g6 4. Bg2 Bg7 5. d3 d6 6. Be3 e6 7. Qd2 Nd4 8. f4 Ne7 
9. Nd1 O-O 10. c3 Ndc6 11. Ne2 b6 12. Nf2 d5 13. Qc2 Bb7 14. h4 Rc8 15. g4 Nd4 
16. Qd1 Ne2 17. Qe2 f5 18. h5 d4 19. Bd2 fe4 20. Be4 Be4 21. Ne4 dc3 22. Nc3 e5 
23. hg6 hg6 24. O-O-O ef4 25. Bf4 Rc6 26. Qe4 Qd4 27. Bg5 Qe4 28. de4 Re6 
29. Rd7 Nc6 30. Rg7+ Kg7 31. Bh6+ Kg8 32. Bf8 Kf8 33. Rg1 Nd4 34. Rg2 b5 
35. a3 b4 36. ab4 cb4 37. Ne2 Re4 38. Nd4 Rd4 39. g5 Ke7 40. Kc2 Rf4 
41. Kb3 Ke6 42. Rc2 Kd6 43. Rd2+ Ke5 44. Rd7 Kf5 45. Ra7 Kg5 46. Rc7 Kg4 
47. Kc2 Rd4 
0-1

[Event "34th Chess Olympiad (women)"]
[Site "Istanbul"]
[Date "2000.10.28"]
[Round "1.21.3"]
[White "Sergeeva, Maria"]
[Black "Frick, Denise"]
[WhiteElo "2277"]
[BlackElo "2000"]
[WhiteCountry "KAZ"]
[BlackCountry "RSA"]
[Result "1-0"]

1. e4 e6 2. d4 d5 3. Nc3 Nf6 4. e5 Nfd7 5. f4 c5 6. Nf3 Nc6 7. Be3 Be7 
8. Qd2 cd4 9. Nd4 Nc5 10. Be2 O-O 11. O-O f5 12. ef6 Rf6 13. Rae1 Bd7 
14. Nc6 Bc6 15. Bd4 Rf8 16. Bg4 Bd7 17. Qe3 e5 18. Qe5 Bf6 19. Qd5+ Rf7 
20. Bh5 Bd4+ 21. Qd4 Rf5 22. g4 Ne6 23. Re6 Rh5 24. Rd6 Rh4 25. Rd7 Rg4+ 
26. Kh1 Qh4 27. Ne4 Rc8 28. Ng5 
1-0

[Event "34th Chess Olympiad (women)"]
[Site "Istanbul"]
[Date "2000.10.28"]
[Round "1.22.1"]
[White "Gretarsdottir, Lilja"]
[Black "Botsari, Anna-Maria"]
[WhiteElo "2000"]
[BlackElo "2325"]
[WhiteCountry "ISL"]
[BlackCountry "GRE"]
[Result "0-1"]

1. e4 c5 2. Nf3 Nc6 3. d4 cxd4 4. Nxd4 Qc7 5. Nc3 e6 6. Be2 a6 7. O-O Nf6 
8. Be3 Bb4 9. Nxc6 bxc6 10. Bd3 h5 11. h3 c5 12. Qe2 Bb7 13. Bg5 c4 
14. Bxc4 Bxc3 15. bxc3 Nxe4 16. Be3 Qc6 17. f3 Ng3 18. Qd3 Nxf1 19. Rxf1 Rc8 
20. Rd1 O-O 21. Bb3 Qxc3 22. Qe2 Qe5 23. Rxd7 Rc3 24. Rd3 Rfc8 25. Kh1 Bd5 
26. Qd2 Rxd3 27. cxd3 Bxb3 28. axb3 Qc3 29. b4 Qxd2 30. Bxd2 Rd8 31. Be3 Rxd3 
32. Bc5 Rd1+ 33. Kh2 h4 34. Bf2 Rb1 35. Bc5 e5 36. Bd6 f6 37. Bc5 Kf7 
38. Bd6 Ke6 39. Bf8 g6 40. Bc5 
0-1

[Event "34th Chess Olympiad (women)"]
[Site "Istanbul"]
[Date "2000.10.28"]
[Round "1.22.2"]
[White "Makropoulou, Marina"]
[Black "Ingolfsdottir, Harpa"]
[WhiteElo "2284"]
[BlackElo "2100"]
[WhiteCountry "GRE"]
[BlackCountry "ISL"]
[Result "1-0"]

1. e4 e6 2. d4 d5 3. Nc3 Bb4 4. e5 c5 5. Bd2 Bxc3 6. bxc3 Nc6 7. Nf3 Nge7 
8. Bd3 Qc7 9. O-O Bd7 10. Re1 O-O 11. Bxh7+ Kxh7 12. Ng5+ Kg8 13. Qh5 Rfc8 
14. Qxf7+ Kh8 15. Re3 Ng8 
1-0

[Event "34th Chess Olympiad (women)"]
[Site "Istanbul"]
[Date "2000.10.28"]
[Round "1.22.3"]
[White "Larusdottir, Aldis"]
[Black "Fakhiridou, Ekaterini"]
[WhiteElo "2000"]
[BlackElo "2277"]
[WhiteCountry "ISL"]
[BlackCountry "GRE"]
[Result "1/2-1/2"]

1. d4 Nf6 2. c4 d6 3. Nf3 Nbd7 4. Nc3 c6 5. e3 e5 6. Qc2 Be7 7. Be2 O-O 
8. b3 Ne8 9. Bd3 g6 10. de5 de5 11. Bb2 Ng7 12. O-O-O Qc7 13. h3 a5 14. Nd2 Nc5 
15. Nde4 Ne4 16. Be4 Be6 17. Rd2 Bb4 18. a3 Be7 19. Rhd1 Rfd8 20. Rd8+ Bd8 
21. Na4 Be7 22. Qc3 f6 23. Rd2 Nf5 24. Bf5 Bf5 25. f3 Be6 26. e4 Bf8 27. f4 Re8 
28. fe5 Bh6 29. ef6 Qf4 30. Kd1 Qd2+ 31. Qd2 Bd2 32. Kd2 b5 33. cb5 cb5 
34. Nc5 Rd8+ 35. Kc2 Kf7 36. Nb7 Rb8 37. Na5 b4 38. ab4 Rb4 39. e5 Rf4 
1/2-1/2

[Event "34th Chess Olympiad (women)"]
[Site "Istanbul"]
[Date "2000.10.28"]
[Round "1.23.1"]
[White "Hernandez, Yudania"]
[Black "Agosto, Erika"]
[WhiteElo "2322"]
[BlackElo "2036"]
[WhiteCountry "ESP"]
[BlackCountry "ITA"]
[Result "1-0"]

1. e4 e5 2. Nf3 Nc6 3. Bb5 a6 4. Ba4 Nf6 5. d3 b5 6. Bb3 Be7 7. O-O d6 
8. c3 O-O 9. a4 Bg4 10. Nbd2 b4 11. h3 Bd7 12. a5 Rb8 13. Nc4 h6 14. Re1 bxc3 
15. bxc3 Na7 16. Be3 Nb5 17. Qc2 Bc6 18. Ncd2 Nd7 19. c4 Nd4 20. Nxd4 exd4 
21. Bxd4 Bf6 22. Qc3 Bxd4 23. Qxd4 Nc5 24. Bd1 Qg5 25. Nf3 Qg6 26. Nh4 Qg5 
27. Nf5 Ne6 28. Qe3 Qf6 29. Bg4 Rb3 30. Rab1 Rfb8 31. Rxb3 
1-0

[Event "34th Chess Olympiad (women)"]
[Site "Istanbul"]
[Date "2000.10.28"]
[Round "1.23.2"]
[White "Arnetta, Marianna"]
[Black "Nieves, Garcia"]
[WhiteElo "2081"]
[BlackElo "2000"]
[WhiteCountry "ITA"]
[BlackCountry "ESP"]
[Result "0-1"]

1. e4 e5 2. Nf3 Nc6 3. Bc4 Nf6 4. d3 Bc5 5. O-O d6 6. c3 a6 7. d4 Ba7 
8. de5 de5 9. Qd8+ Nd8 10. Bg5 Be6 11. Ne5 Ne4 12. Bh4 Nd6 13. Be6 Ne6 
14. Nf3 f6 15. Na3 O-O-O 16. Rfe1 Rhe8 17. Nc2 Nf5 18. Bg3 g5 19. Rad1 Rd1 
20. Rd1 h5 21. Ne3 Ne3 22. fe3 Be3+ 23. Bf2 Nf4 24. Be3 Re3 25. Rd2 Rd3 
26. Kf1 c5 27. Rd3 Nd3 28. Nd2 f5 29. Nf3 Nb2 30. Ng5 Nd1 31. Ne6 Nc3 
32. Nc5 Na2 33. Ke1 Nc3 34. Ne6 Ne4 35. Ng7 Nf6 36. Nf5 Kd7 37. Ke2 Ke6 
38. Ne3 Ng4 39. Nc4 Nh2 40. Na5 b6 41. Nc4 b5 42. Na5 Kd5 43. Kd3 Ng4 
44. Nb3 Ne5+ 45. Kc3 Nc6 46. Nd2 a5 47. g3 Ne5 48. Nb3 b4+ 49. Kc2 a4 
0-1

[Event "34th Chess Olympiad (women)"]
[Site "Istanbul"]
[Date "2000.10.28"]
[Round "1.23.3"]
[White "Timon, Piote Silvia"]
[Black "Sirletti, Sonia"]
[WhiteElo "2246"]
[BlackElo "2000"]
[WhiteCountry "ESP"]
[BlackCountry "ITA"]
[Result "1-0"]

1. c4 Nf6 2. Nc3 g6 3. e4 d6 4. d4 Bg7 5. f4 O-O 6. Nf3 c5 7. dc5 Qa5 
8. Bd3 Qc5 9. Qe2 Bg4 10. Be3 Qa5 11. O-O Nc6 12. Rac1 Nd7 13. Qf2 Bf3 
14. gf3 Nc5 15. Bb1 Ne6 16. Rfd1 Rfe8 17. Kh1 Qh5 18. Rd3 Qh3 19. Rg1 Nc7 
20. Rg3 Qc8 21. Rd1 a6 22. Nd5 Nd5 23. ed5 Nb8 24. b3 e6 25. de6 Qe6 
26. Be4 Nc6 27. f5 Qe5 28. fg6 fg6 29. Rd5 Qb2 30. Rd2 Qe5 31. Bb6 Rac8 
32. Rd5 Qb2 33. Qb2 Bb2 34. Rg2 Be5 35. Rd1 Kf7 36. Bd5+ Ke7 37. Re2 Kf6 
38. Bf2 Kf5 39. Be4+ Kf6 40. Bh4+ Kg7 41. Bf2 Rf8 42. c5 Rfd8 43. Bh4 Bf6 
44. Bf6+ Kf6 45. cd6 Rd7 46. f4 Ne7 47. Bb7 Rb7 48. de7 Re7 49. Rd6+ Kf7 
50. Re7+ Ke7 51. Ra6 Rc2 52. a4 Rb2 53. Rb6 Kd7 54. a5 Ra2 55. b4 Kc7 
56. Kg1 Rb2 57. b5 Ra2 58. Rc6+ Kd7 59. a6 Rb2 60. Rb6 Kc7 61. Rb7+ Kd6 62. a7 
1-0

[Event "34th Chess Olympiad (women)"]
[Site "Istanbul"]
[Date "2000.10.28"]
[Round "1.24.1"]
[White "Connolly, Suzanne"]
[Black "Vijayalakshmi, Subbaraman"]
[WhiteElo "2105"]
[BlackElo "2378"]
[WhiteCountry "IRL"]
[BlackCountry "IND"]
[Result "0-1"]

1. e4 c5 2. Nf3 d6 3. d4 cd4 4. Nd4 Nf6 5. Nc3 a6 6. a4 g6 7. Be2 Bg7 
8. O-O O-O 9. Be3 Nc6 10. Nb3 Be6 11. f4 Rc8 12. Kh1 Na5 13. Na5 Qa5 
14. Bf3 Bc4 15. Re1 Rfd8 16. Bd4 e5 17. Be3 d5 18. ed5 e4 19. Be2 Nd5 
20. Nd5 Rd5 21. Qc1 Be2 22. Re2 Rc4 23. b3 Ba1 24. bc4 Bb2 25. Qb1 Rd7 
26. Bg1 Bc3 27. Re4 Qa4 28. h3 Qc6 29. Re8+ Kg7 30. Qb3 Bf6 31. Re2 Rd1 
32. Kh2 a5 33. c5 a4 34. Qc4 a3 35. c3 Qc7 36. Be3 Ra1 37. Ra2 b5 38. Qd5 Ra2 
39. Qa2 Qa5 40. Bd4 Bd4 41. cd4 b4 42. Qd5 Qc7 43. g3 Qe7 44. Qc4 b3 
45. Qb3 Qe2+ 
0-1

[Event "34th Chess Olympiad (women)"]
[Site "Istanbul"]
[Date "2000.10.28"]
[Round "1.24.2"]
[White "Meenakshi, S"]
[Black "O`Siochru, Mairead"]
[WhiteElo "2226"]
[BlackElo "2000"]
[WhiteCountry "IND"]
[BlackCountry "IRL"]
[Result "1-0"]

1. d4 d5 2. c4 c6 3. Nf3 Nf6 4. Nc3 dc4 5. a4 Bf5 6. e3 e6 7. Bc4 Bb4 
8. O-O O-O 9. h3 Nbd7 10. Qe2 Ne4 11. Ne4 Be4 12. Rd1 Qf6 13. Bd2 Bf3 
14. Qf3 Qf3 15. gf3 Bd2 16. Rd2 Nb6 17. Bd3 Nd5 18. f4 Rfe8 19. Kg2 Rad8 
20. Ra3 a5 21. Rd1 Nb4 22. Kf3 Rd6 23. Rc3 Nd3 24. Rdd3 Red8 25. Rb3 R8d7 
26. Rb6 c5 27. Rd6 Rd6 28. Rc3 Kf8 29. dc5 Rc6 30. Rb3 Rc5 31. Rb7 Ke8 
32. b3 h6 33. Ke4 Rh5 34. Rb5 Rh3 35. Ra5 g6 36. Ra8+ Ke7 37. a5 Rh1 38. a6 Ra1 
39. a7 h5 40. b4 Ra4 41. Kf3 
1-0

[Event "34th Chess Olympiad (women)"]
[Site "Istanbul"]
[Date "2000.10.28"]
[Round "1.24.3"]
[White "Quinn, Deborah"]
[Black "Dhar-Barua, Saheli"]
[WhiteElo "2000"]
[BlackElo "2212"]
[WhiteCountry "IRL"]
[BlackCountry "IND"]
[Result "0-1"]

1. e4 e6 2. d4 d5 3. ed5 ed5 4. Bd3 Nf6 5. Be3 Bd6 6. Nf3 c6 7. Nbd2 O-O 
8. O-O Re8 9. h3 Nbd7 10. c3 Ne4 11. Qc2 Ndf6 12. Ng5 Ng5 13. Bg5 h6 
14. Be3 Nh5 15. Nf3 Qf6 16. Be2 Bf5 17. Qd2 Re3 18. fe3 Ng3 19. Bd3 Nf1 
20. Rf1 Bd3 21. Qd3 Qe6 22. Re1 Bg3 23. Re2 Re8 24. Nd2 Bf4 25. Nf1 Bg5 
26. Kf2 Qf6+ 27. Ke1 h5 28. Nd2 Qh6 29. Nf1 Re4 30. Kd2 h4 31. c4 Qf6 
32. Nh2 Rd4 
0-1

[Event "34th Chess Olympiad (women)"]
[Site "Istanbul"]
[Date "2000.10.28"]
[Round "1.25.1"]
[White "Flear, Christine"]
[Black "Cinak, Nilufer"]
[WhiteElo "2230"]
[BlackElo "2057"]
[WhiteCountry "FRA"]
[BlackCountry "TURA"]
[Result "0-1"]

1. d4 d5 2. c4 e6 3. Nc3 c5 4. cd5 cd4 5. Qa4+ Bd7 6. Qd4 ed5 7. Qd5 Nc6 
8. e3 Nf6 9. Qd1 Bc5 10. Nf3 Qe7 11. Be2 O-O-O 12. O-O g5 13. a3 g4 14. Nh4 Qe5 
15. Qc2 Kb8 16. g3 Ne7 17. e4 Nh5 18. Be3 f5 19. b4 Be3 20. fe3 Rc8 
21. Rac1 Ng3 22. hg3 Qg3+ 23. Ng2 Qh3 24. Rf4 Ng6 25. Qd2 g3 26. Bf3 Qh2+ 
27. Kf1 Bb5+ 28. Nb5 Rc1+ 29. Ke2 Rhc8 30. Qd6+ Ka8 31. Rf5 Qg1 32. Rc5 Qf1+ 
33. Kd2 R1c5 34. bc5 Qb5 35. c6 Qc6 36. Qc6 Rc6 37. Bg4 Ne5 38. Bf5 Rh6 
39. Ke2 Rh2 40. Kf1 h5 41. Nf4 h4 42. Nd5 Rf2+ 43. Ke1 Nf3+ 
0-1

[Event "34th Chess Olympiad (women)"]
[Site "Istanbul"]
[Date "2000.10.28"]
[Round "1.25.2"]
[White "Oney, Fatmanur"]
[Black "Te-Lallemand, Rosa"]
[WhiteElo "2038"]
[BlackElo "2289"]
[WhiteCountry "TURA"]
[BlackCountry "FRA"]
[Result "0-1"]

1. d4 Nf6 2. c4 e5 3. de5 Ng4 4. Nf3 Bc5 5. e3 Nc6 6. Nc3 Nce5 7. h3 Nf3+ 
8. Qf3 Ne5 9. Qg3 Ng6 10. a3 Bd6 11. Qf3 Be5 12. Bd3 Bc3+ 13. bc3 O-O 
14. Bc2 d6 15. O-O Ne5 16. Qe4 g6 17. Qf4 Qe7 18. Bb2 b6 19. Rfd1 Ba6 
20. Bb3 Qe6 21. Rd5 Rad8 22. Rad1 c6 23. R5d4 b5 24. Qe4 bc4 25. Ba2 d5 
26. Qh4 c5 27. R4d2 Nd3 28. Ba1 Rb8 29. Qh6 f6 30. Qh4 Kg7 31. Re2 Qe4 
32. Qg3 Qe5 33. Qg4 Qh5 34. Qh5 gh5 35. Kf1 Rfe8 36. f3 Re7 37. e4 de4 
38. fe4 Rbe8 39. e5 Re5 40. Rdd2 Re2 41. Re2 Re2 42. Ke2 Nc1+ 43. Kd2 Na2 
44. Kc2 h4 45. Kb2 Bb7 46. Ka2 Kg6 47. Bb2 Bg2 48. Bc1 Bh3 49. Be3 Bd7 
50. Kb2 h3 51. Bg1 Kf5 52. Kc2 Ke4 
0-1

[Event "34th Chess Olympiad (women)"]
[Site "Istanbul"]
[Date "2000.10.28"]
[Round "1.25.3"]
[White "Muller, Anne"]
[Black "Cavusoglu, Yildiz"]
[WhiteElo "2135"]
[BlackElo "2000"]
[WhiteCountry "FRA"]
[BlackCountry "TURA"]
[Result "1-0"]

1. e4 e5 2. Nf3 Nf6 3. d4 Ne4 4. Bd3 d5 5. Ne5 Nd7 6. Nf3 Ndf6 7. 0-0 Be7 
8. Re1 O-O 9. c4 Re8 10. Nc3 Nc3 11. bc3 Bg4 12. Rb1 b6 13. Bd2 h6 14. h3 Be6 
15. Ne5 dc4 16. Nc4 c5 17. Be3 Rc8 18. Qa4 Nd5 19. Rbc1 Ne3 20. fe3 Qd7 
21. Qd7 Bd7 22. Ne5 Be6 23. Be4 Rcd8 24. Bc6 Rf8 25. Bf3 Bf6 26. Nc6 Rd7 
27. a3 Rc8 28. Rb1 Rcc7 29. Red1 cd4 30. cd4 Bd5 31. Bd5 Rd5 32. e4 Rdd7 
33. d5 g6 34. Kf2 Rc8 35. Kf3 Re8 36. g4 Be5 37. Ne5 Re5 38. Rbc1 Kg7 
39. Kf4 f6 40. Rc6 Rde7 41. Rd4 Kf7 42. Ra4 h5 43. Rc8 hg4 44. hg4 Rd7 
45. Rac4 Re8 46. Re8 Ke8 47. g5 Kf7 48. gf6 Kf6 49. Rc6+ Kf7 50. Kg5 Re7 
51. Rf6+ Ke8 52. Kf4 Rf7 53. Ke5 Rf6 54. Kf6 g5 55. Kg5 b5 56. Kf4 a5 
57. Ke3 Kd7 58. Kd4 
1-0

[Event "34th Chess Olympiad (women)"]
[Site "Istanbul"]
[Date "2000.10.28"]
[Round "1.26.1"]
[White "Zepeda, Sonia"]
[Black "Hahn, Anna"]
[WhiteElo "2046"]
[BlackElo "2257"]
[WhiteCountry "ESA"]
[BlackCountry "USA"]
[Result "1/2-1/2"]

1. e4 c5 2. Nf3 Nc6 3. d4 cd4 4. Nd4 e5 5. Nb5 d6 6. N1c3 a6 7. Na3 b5 
8. Nd5 Nf6 9. Bg5 Be7 10. Bf6 Bf6 11. c3 Bg5 12. Nc2 O-O 13. Bd3 Be6 
14. Nce3 Ne7 15. Bc2 Be3 16. Ne3 Qb6 17. O-O Rac8 18. Qd2 Rcd8 19. Rfd1 f5 
20. ef5 Nf5 21. Nd5 Bd5 22. Qd5+ Kh8 23. Bf5 Rf5 24. Rd2 Rf6 25. Rad1 Rdf8 
26. Rf1 Qc7 27. f3 Rh6 28. Re1 Qa7+ 29. Kh1 Qe7 30. Re4 Qg5 31. a4 ba4 
32. Ra4 Qg3 33. h3 Qe1+ 34. Kh2 Rg6 35. Ra6 Qg3+ 36. Kh1 Qe1+ 37. Kh2 
1/2-1/2

[Event "34th Chess Olympiad (women)"]
[Site "Istanbul"]
[Date "2000.10.28"]
[Round "1.26.2"]
[White "Shahade, Jennifer"]
[Black "Pastor, Tahnya"]
[WhiteElo "2238"]
[BlackElo "2000"]
[WhiteCountry "USA"]
[BlackCountry "ESA"]
[Result "1-0"]

1. e4 c5 2. Nf3 g6 3. d4 cxd4 4. Nxd4 Bg7 5. Nc3 Nc6 6. Be3 Nf6 7. Bc4 O-O 
8. O-O d6 9. h3 Bd7 10. Re1 Rc8 11. Bb3 Ne5 12. f4 Nc4 13. Bxc4 Rxc4 
14. e5 dxe5 15. fxe5 Ne8 16. Qe2 Qc8 17. Nd5 Qc5 18. Nf5 Qb5 19. Nfxe7+ Kh8 
20. Bf2 Ra4 21. Qxb5 Bxb5 22. Nc3 Rb4 23. Bc5 Rxb2 24. Ba3 Rxc2 25. Nxb5 a6 
26. Nd4 Rc3 27. Nb3 
1-0

[Event "34th Chess Olympiad (women)"]
[Site "Istanbul"]
[Date "2000.10.28"]
[Round "1.26.3"]
[White "Osorio, Lorena"]
[Black "Epstein, Esther"]
[WhiteElo "2000"]
[BlackElo "2224"]
[WhiteCountry "ESA"]
[BlackCountry "USA"]
[Result "0-1"]

1. e4 g6 2. d4 Bg7 3. Nc3 c5 4. Nf3 cd4 5. Nd4 Nc6 6. Be3 Nf6 7. Bc4 O-O 
8. O-O d6 9. Nc6 bc6 10. Bb3 Ng4 11. Bg5 h6 12. Bh4 g5 13. Bg3 Qb6 14. h3 Ne5 
15. Re1 Ng6 16. Qd2 a5 17. a4 Be6 18. Be6 fe6 19. Reb1 Rab8 20. Ra3 Qc5 
21. Nd1 Rb4 22. Qd3 Nf4 23. Bf4 Rf4 24. Nc3 Qf2+ 25. Kh1 Rd4 26. Qa6 Rd2 
0-1

[Event "34th Chess Olympiad (women)"]
[Site "Istanbul"]
[Date "2000.10.28"]
[Round "1.27.1"]
[White "Medic, Mirjana"]
[Black "Mahini, Mona"]
[WhiteElo "2294"]
[BlackElo "2018"]
[WhiteCountry "CRO"]
[BlackCountry "IRI"]
[Result "1-0"]

1. d4 Nf6 2. c4 g6 3. g3 Bg7 4. Bg2 O-O 5. Nc3 d6 6. Nf3 Nbd7 7. O-O e5 
8. h3 Re8 9. e4 exd4 10. Nxd4 Nc5 11. Re1 c6 12. Qc2 d5 13. cxd5 cxd5 
14. e5 Nfe4 15. Bf4 g5 16. Be3 Bxe5 17. Rad1 Nxc3 18. bxc3 Bf6 19. c4 Bd7 
20. cxd5 Rc8 21. Qb1 Qa5 22. Nf5 Bc3 23. Nd6 Bxe1 24. Rxe1 Re5 25. Nxc8 Bxc8 
26. Rd1 Bf5 27. Qb2 Nd7 28. Rc1 f6 29. Qxb7 Qxa2 30. g4 
1-0

[Event "34th Chess Olympiad (women)"]
[Site "Istanbul"]
[Date "2000.10.28"]
[Round "1.27.2"]
[White "Navabi, Shirin"]
[Black "Macek, Vlasta"]
[WhiteElo "2007"]
[BlackElo "2277"]
[WhiteCountry "IRI"]
[BlackCountry "CRO"]
[Result "0-1"]

1. c4 c6 2. Nc3 d5 3. cd5 cd5 4. d4 Nf6 5. Nf3 e6 6. Bg5 Be7 7. e3 a6 8. Bd3 b5 
9. a3 Nbd7 10. Rc1 Bb7 11. O-O O-O 12. Qe2 Nb6 13. Ne5 Ne4 14. Be7 Qe7 
15. f3 Nf6 16. Bb1 Rfc8 17. g4 Nc4 18. g5 Ne8 19. f4 Ned6 20. Rf3 Ne4 
21. Nc4 Rc4 22. Rh3 g6 23. Be4 de4 24. Rf1 Rac8 25. Qe1 b4 26. Na4 ba3 
27. Nb6 ab2 28. Nc8 Rc8 29. Qf2 Qb4 30. Qh4 b1Q 31. Qh7+ Kf8 32. Qh8+ Ke7 
33. Qf6+ Kd6 34. Qe5+ Kc6 35. d5+ ed5 36. Rb1 Qb1+ 37. Kf2 Kb5 38. Kg3 Qg1+ 
39. Kh4 Qe1+ 40. Kg4 Qc3 
0-1

[Event "34th Chess Olympiad (women)"]
[Site "Istanbul"]
[Date "2000.10.28"]
[Round "1.27.3"]
[White "Jelica, Mara"]
[Black "Khachatorian, Yarazik"]
[WhiteElo "2192"]
[BlackElo "2000"]
[WhiteCountry "CRO"]
[BlackCountry "IRI"]
[Result "1-0"]

1. e4 e5 2. Nf3 Nf6 3. Nxe5 d6 4. Nf3 Nxe4 5. Be2 d5 6. O-O Bd6 7. Nc3 Nxc3 
8. dxc3 O-O 9. Bg5 f6 10. Be3 c6 11. c4 Be6 12. Nd4 Bf7 13. cxd5 Bxd5 
14. Bd3 Qe8 15. Nf5 Be5 16. Qg4 Qd7 17. Rad1 g6 18. Nh6+ Kh8 19. Qh4 f5 
20. c4 Be6 21. Bxf5 Qe8 22. Bxe6 Qxe6 23. Rfe1 Na6 24. Bd4 Rad8 25. Bxe5+ Qxe5 
1-0

[Event "34th Chess Olympiad (women)"]
[Site "Istanbul"]
[Date "2000.10.28"]
[Round "1.28.1"]
[White "Lai, Xiaoqing"]
[Black "Babaeva, Fanara"]
[WhiteElo "2000"]
[BlackElo "2257"]
[WhiteCountry "JPN"]
[BlackCountry "AZE"]
[Result "0-1"]

1. d4 d5 2. Nf3 Nf6 3. Bg5 e6 4. e3 Be7 5. Nbd2 O-O 6. Bd3 c5 7. c3 Nfd7 
8. Bf4 Nc6 9. O-O Re8 10. Ne5 Ncxe5 11. Bxe5 Nxe5 12. dxe5 Qc7 13. f4 g6 
14. Qe2 a6 15. Rad1 Bd7 16. Rf3 Bc6 17. Rg3 Rad8 18. Nf3 d4 19. exd4 Bxf3 
20. Rxf3 cxd4 21. cxd4 Rxd4 22. b3 Red8 23. Rff1 Qc3 24. Rf3 b5 25. g3 Bf8 
26. Kg2 Qb4 27. Rff1 Be7 28. Qc2 Kg7 29. Rf3 R8d5 30. Rff1 Qa5 31. Rf3 Qd8 
32. Qb1 Ba3 33. Qc2 Rc5 34. Qb1 Qd5 35. Kf2 Rc3 36. Ke2 Bc5 37. Qb2 Rcd3 
0-1

[Event "34th Chess Olympiad (women)"]
[Site "Istanbul"]
[Date "2000.10.28"]
[Round "1.28.3"]
[White "Nakagawa, Emiko"]
[Black "Shukurova, Meihriban"]
[WhiteElo "2000"]
[BlackElo "2255"]
[WhiteCountry "JPN"]
[BlackCountry "AZE"]
[Result "1/2-1/2"]

1. d4 Nf6 2. c4 g6 3. Nc3 Bg7 4. g3 O-O 5. Bg2 d6 6. Nf3 c6 7. O-O Qa5 
8. e4 Bg4 9. Qc2 Nfd7 10. Be3 e5 11. d5 f5 12. Bd2 Bf3 13. Bf3 Qd8 14. Bg2 Nb6 
15. b3 cd5 16. cd5 Na6 17. Rac1 Nc5 18. b4 Ne4 19. Ne4 fe4 20. Qe4 Qd7 
21. Rc2 Rac8 22. Rfc1 Rc2 23. Rc2 Rc8 24. Qd3 Rc2 25. Qc2 Qc8 26. Qc8+ Nc8 
27. Be3 Bf6 28. Bh3 Nb6 29. Bb6 ab6 30. Bc8 Bg5 31. Bb7 Kf7 32. Kf1 Bd2 
33. b5 Kf6 34. Ke2 Bb4 35. Bc8 Ba3 36. Bh3 Bc5 37. a4 
1/2-1/2

[Event "34th Chess Olympiad (women)"]
[Site "Istanbul"]
[Date "2000.10.28"]
[Round "1.29.1"]
[White "Reizniece, Dana"]
[Black "Babic, Gail"]
[WhiteElo "2275"]
[BlackElo "2000"]
[WhiteCountry "LAT"]
[BlackCountry "ISV"]
[Result "1-0"]

1. c4 e5 2. Nc3 Nf6 3. g3 Be7 4. Bg2 d6 5. Nf3 O-O 6. O-O h6 7. d4 Nc6 8. d5 e4 
9. dxc6 exf3 10. Bxf3 b6 11. b3 Bh3 12. Re1 Qc8 13. Bb2 a6 14. Qd4 Qf5 
15. Nd5 Nxd5 16. Qxg7+ 
1-0

[Event "34th Chess Olympiad (women)"]
[Site "Istanbul"]
[Date "2000.10.28"]
[Round "1.29.2"]
[White "Mody, Ila"]
[Black "Voronova, Tatiana"]
[WhiteElo "2000"]
[BlackElo "2278"]
[WhiteCountry "ISV"]
[BlackCountry "LAT"]
[Result "0-1"]

1. d4 c5 2. c4 g6 3. Nf3 Bg7 4. e3 Nf6 5. Bd3 O-O 6. O-O Na6 7. a3 d6 8. Nc3 b6 
9. d5 Nc7 10. b3 Nfxd5 11. cxd5 Bxc3 12. Rb1 b5 13. e4 Rb8 14. Bd2 Bg7 
15. b4 c4 16. Bc2 Bg4 17. h3 Bxf3 18. Qxf3 Na8 19. Bc3 Nb6 20. Bxg7 Kxg7 
21. Qc3+ Kg8 22. Qe3 Rb7 23. Rfd1 Qc7 24. Rd4 Rfb8 25. Re1 Nd7 26. f4 f6 
27. Rf1 Qb6 28. Kh1 a5 29. Rfd1 axb4 30. axb4 Ra7 31. Qg3 Ra2 32. R4d2 Rba8 
33. Rb1 R8a3 34. Qe1 Qe3 35. Rf2 Qxe1+ 36. Rxe1 Rb2 37. Rb1 Raa2 38. Kg1 Rxc2 
39. Rxc2 Rxc2 40. Kf1 Nb6 41. Re1 Kf7 42. Re2 Rc1+ 43. Kf2 Rb1 
0-1

[Event "34th Chess Olympiad (women)"]
[Site "Istanbul"]
[Date "2000.10.28"]
[Round "1.29.3"]
[White "Ungure, Liga"]
[Black "Murphy, Margaret"]
[WhiteElo "2119"]
[BlackElo "2000"]
[WhiteCountry "LAT"]
[BlackCountry "ISV"]
[Result "1-0"]

1. e4 e6 2. d4 d5 3. Nc3 de4 4. Ne4 Nd7 5. Nf3 Ngf6 6. Nf6+ Nf6 7. Bd3 b6 
8. Bg5 Be7 9. Qe2 Bb7 10. O-O-O Nd5 11. Be7 Qe7 12. Be4 O-O-O 13. Rhe1 f5 
14. Bf5 ef5 15. Qe7 Ne7 16. Re7 Bf3 17. gf3 Rde8 18. Rde1 Re7 19. Re7 g6 
20. Kd2 Kb7 21. d5 Rd8 22. c4 h5 23. Ke3 Rd6 24. Kd4 Kc8 25. Ke5 Rd7 
26. Re6 Kb7 27. Rg6 Re7+ 28. Re6 Rg7 29. Kf5 Rg2 30. h4 Rf2 31. Kg5 Rf3 
32. Kh5 Rf2 33. Kg6 Rb2 34. h5 Ra2 35. h6 Rg2+ 36. Kf7 Rh2 37. Kg7 a5 
38. h7 Rg2+ 39. Rg6 Rh2 40. Rh6 Rg2+ 41. Kf6 Rf2+ 42. Ke7 
1-0